000 00483nam a2200181Ia 4500
005 20250326130135.0
008 250326s9999 xx 000 0 und d
037 _aTextbook
040 _aFMSL
_beng
_cFMSL
041 _aeng
_2eng
084 _qFMSL
100 _aChelbah R J
_9740141
245 0 _aFiscal policy in under developed countries
_cChelbah R J
260 _aLondon
_bLondon, Unwin University
_c1969
300 _a216p
942 _cTB
999 _c1281124
_d1281124